[Event "Asia-ch Amateur"]
[Site "Dubai"]
[Date "2023.08.31"]
[Round "6"]
[White "Phuyal, Aashish"]
[Black "Mansurov, Botir"]
[Result "1/2-1/2"]
[WhiteElo "1906"]
[BlackElo "1745"]
[PlyCount "75"]
[EventDate "2023.08.28"]
[EventType "swiss"]
[EventRounds "9"]
[EventCountry "UAE"]
[SourceTitle "EXT 2024"]
[Source "ChessBase"]
[SourceDate "2023.10.10"]
[SourceVersion "1"]
[SourceVersionDate "2023.10.10"]
[SourceQuality "1"]

1. e4 c5 2. Nf3 e6 3. g3 Nc6 4. Bg2 g6 5. c3 Bg7 6. h4 h6 7. 0-0 Nge7 8. d4 cxd4 9. Nxd4 Nxd4 10. cxd4 d5 11. exd5 Nxd5 12. Nc3 0-0 13. Nxd5 exd5 14. Be3 Be6 15. Qd2 Kh7 16. Rac1 Qd7 17. Rc3 Rfc8 18. Rfc1 Rxc3 19. Rxc3 Qa4 20. a3 Qa5 21. Qc2 Rd8 22. h5 Rd7 23. hxg6+ fxg6 24. Bf1 Bf5 25. Qd1 h5 26. Be2 Qb6 27. b4 Qe6 28. Bf3 Be4 29. Bxe4 Qxe4 30. Rc1 Rf7 31. Qc2 Qf3 32. Qc8 Bh6 33. Rc7 Bxe3 34. Rxf7+ Qxf7 35. fxe3 Qf3 36. Qc7+ Kh6 37. Qe5 b5 38. Kh2 1/2-1/2

[Event "Asia-ch Amateur"]
[Site "Dubai"]
[Date "2023.08.30"]
[Round "4"]
[White "Phuyal, Aashish"]
[Black "Kao, Jamison Edrich"]
[Result "1-0"]
[WhiteElo "1906"]
[BlackElo "1709"]
[PlyCount "121"]
[EventDate "2023.08.28"]
[EventType "swiss"]
[EventRounds "9"]
[EventCountry "UAE"]
[SourceTitle "EXT 2024"]
[Source "ChessBase"]
[SourceDate "2023.10.10"]
[SourceVersion "1"]
[SourceVersionDate "2023.10.10"]
[SourceQuality "1"]

1. d4 Nf6 2. c4 e6 3. Nc3 Bb4 4. Qc2 d5 5. a3 Bxc3+ 6. Qxc3 Ne4 7. Qc2 c5 8. dxc5 Nc6 9. Nf3 Qa5+ 10. Nd2 Nd4 11. Qd3 e5 12. b4 Qa4 13. Nxe4 dxe4 14. Qxe4 0-0 15. Ra2 Bf5 16. Qe3 Rad8 17. f3 Nc2+ 18. Rxc2 Qxc2 19. Bd2 Rd4 20. Qc3 Rfd8 21. Qxc2 Bxc2 22. Be3 Rd1+ 23. Kf2 Ra1 24. g3 Rdd1 25. b5 a5 26. c6 bxc6 27. bxc6 Ba4 28. c7 Bd7 29. Bb6 f5 30. Bxa5 Rxa3 31. Bb4 Ra4 32. Bc3 Rxc4 33. Bxe5 Rcc1 34. h3 Rc5 35. Bf4 Bb5 36. g4 fxg4 37. hxg4 Ba6 38. Rh5 Rxh5 39. gxh5 Bc8 40. e4 Kf8 41. h6 gxh6 42. Bxh6+ Ke7 43. Bg5+ Kd6 44. Bf4+ Ke7 45. Be2 Ra1 46. Kg3 Rg1+ 47. Kf2 Ra1 48. Bg3 Ra3 49. Bc4 Rc3 50. Bd5 Rc2+ 51. Ke3 Rc3+ 52. Ke2 Ba6+ 53. Kf2 Bc8 54. Be5 Rc1 55. f4 Rb1 56. f5 Rb6 57. Kg3 h6 58. Kh4 Ba6 59. Bd4 Rb5 60. Bc4 Kd7 61. f6 1-0

[Event "NEP-chB"]
[Site "Bhaktapur"]
[Date "2023.02.04"]
[Round "2"]
[White "Phuyal, Aashish"]
[Black "Duwal, Ganesh Man"]
[Result "1-0"]
[WhiteElo "1946"]
[BlackElo "1806"]
[PlyCount "85"]
[EventDate "2023.02.04"]
[EventType "swiss"]
[EventRounds "9"]
[EventCountry "NEP"]
[SourceTitle "EXT 2024"]
[Source "ChessBase"]
[SourceDate "2023.10.10"]
[SourceVersion "1"]
[SourceVersionDate "2023.10.10"]
[SourceQuality "1"]

1. d4 d5 2. c4 e6 3. Nc3 Nf6 4. Nf3 Nbd7 5. Bg5 Be7 6. e3 0-0 7. Bd3 a6 8. c5 c6 9. 0-0 b6 10. b4 a5 11. a3 bxc5 12. bxc5 Ba6 13. Bxa6 Rxa6 14. Qd3 Ra7 15. Rab1 Qc8 16. Rb2 Re8 17. Rfb1 Bd8 18. Na4 e5 19. dxe5 Nxe5 20. Nxe5 Rxe5 21. Rb8 Qd7 22. Bxf6 gxf6 23. Nb6 Qe8 24. Nc8 Rd7 25. Nd6 Qe6 26. Nb7 Qe7 27. Qa6 Kg7 28. Nd6 Qe6 29. Qa8 Be7 30. Rg8+ Kh6 31. Rg3 Rd8 32. Qxa5 Rg5 33. Rxg5 fxg5 34. Rb7 Kg6 35. Qc7 Qf6 36. h4 Bxd6 37. cxd6 Rxd6 38. hxg5 Kxg5 39. Qxf7 h6 40. Qg8+ Kh5 41. Qg3 Re6 42. Rg7 Re4 43. Qh3+ 1-0

[Event "Jiri op"]
[Site "Jiri"]
[Date "2020.11.21"]
[Round "7"]
[White "Karki, Rajiv"]
[Black "Phuyal, Aashish"]
[Result "0-1"]
[WhiteElo "1770"]
[BlackElo "1858"]
[PlyCount "48"]
[EventDate "2020.11.19"]
[EventType "swiss"]
[EventRounds "7"]
[EventCountry "NEP"]
[SourceTitle "EXT 2022"]
[Source "ChessBase"]
[SourceDate "2021.10.06"]
[SourceVersion "1"]
[SourceVersionDate "2021.10.06"]
[SourceQuality "1"]

1. e4 e5 2. Nf3 Nc6 3. Bb5 a6 4. Bxc6 dxc6 5. 0-0 f6 6. d4 exd4 7. Qxd4 Qxd4 8. Nxd4 Bd7 9. Nc3 0-0-0 10. Be3 c5 11. Nb3 b6 12. a4 a5 13. Rad1 Ne7 14. f3 Ng6 15. Rfe1 h5 16. g3 h4 17. Kf2 hxg3+ 18. hxg3 Rh2+ 19. Kg1 Rxc2 20. Bc1 Bd6 21. Ne2 Bxa4 22. Na1 Rxe2 23. Rxe2 Bxd1 24. Rd2 Bxf3 0-1

[Event "Jiri op"]
[Site "Jiri"]
[Date "2020.11.21"]
[Round "6"]
[White "Phuyal, Aashish"]
[Black "Nepali, Badrilal"]
[Result "1/2-1/2"]
[WhiteElo "1858"]
[BlackElo "1976"]
[PlyCount "26"]
[EventDate "2020.11.19"]
[EventType "swiss"]
[EventRounds "7"]
[EventCountry "NEP"]
[SourceTitle "EXT 2022"]
[Source "ChessBase"]
[SourceDate "2021.10.06"]
[SourceVersion "1"]
[SourceVersionDate "2021.10.06"]
[SourceQuality "1"]

1. e4 c5 2. Nf3 d6 3. c3 Nf6 4. Be2 Nbd7 5. d3 g6 6. 0-0 Bg7 7. Re1 0-0 8. Nbd2 Rb8 9. d4 b5 10. Bd3 b4 11. Nc4 bxc3 12. bxc3 Nb6 13. Rb1 Bg4 1/2-1/2

[Event "Budha Bhandari Memorial"]
[Site "Budhanilkantha"]
[Date "2019.11.13"]
[Round "8"]
[White "Khadka, Govinda"]
[Black "Phuyal, Aashish"]
[Result "0-1"]
[WhiteElo "1548"]
[BlackElo "1914"]
[PlyCount "94"]
[EventDate "2019.11.09"]
[EventType "swiss"]
[EventRounds "9"]
[EventCountry "NEP"]
[SourceTitle "CBM 193 Extra"]
[Source "ChessBase"]
[SourceDate "2020.01.31"]
[SourceVersion "1"]
[SourceVersionDate "2020.01.31"]
[SourceQuality "1"]

1. e4 e5 2. Nf3 Nc6 3. d4 exd4 4. Nxd4 Nf6 5. Nc3 Bb4 6. Nxc6 bxc6 7. Bd3 d5 8. exd5 cxd5 9. Bd2 Qe7+ 10. Qe2 Qxe2+ 11. Nxe2 Bxd2+ 12. Kxd2 c5 13. Ng3 0-0 14. Rhe1 g6 15. f3 Be6 16. b3 Rfd8 17. Ke3 Rab8 18. Kf2 a5 19. a4 c4 20. bxc4 dxc4 21. Be4 Rb2 22. Re2 Kg7 23. Ke3 Bd7 24. Rd1 Re8 25. Kd2 Bxa4 26. Kc3 Rb4 27. Ra1 h5 28. h4 Re6 29. Rd2 Ra6 30. Rd4 Ra7 31. Nf1 Nxe4+ 32. fxe4 Rab7 33. Ne3 Bd7 34. Rxa5 Rb1 35. Rxc4 Be6 36. Rcc5 Rh1 37. Rab5 Rd7 38. g3 Rg1 39. Rg5 f6 40. Rgd5 Bxd5 41. Rxd5 Rxd5 42. exd5 Rxg3 43. Kd4 Kf7 44. c4 g5 45. d6 Ke6 46. c5 gxh4 47. c6 Kxd6 0-1